Legal Method Text and Materials / (Record no. 587066)

000 -LEADER
fixed length control field 00399nam a22001457a 4500
020 ## - INTERNATIONAL STANDARD BOOK NUMBER
International Standard Book Number 0421634707
082 ## - DEWEY DECIMAL CLASSIFICATION NUMBER
Classification number 349.42 STY
100 ## - MAIN ENTRY--PERSONAL NAME
Personal name Stychin, Carl F.
245 ## - TITLE STATEMENT
Title Legal Method Text and Materials /
Statement of responsibility, etc. Carl F. Stychin
260 ## - PUBLICATION, DISTRIBUTION, ETC.
Place of publication, distribution, etc. London :
Name of publisher, distributor, etc. Sweet & Maxwell,
Date of publication, distribution, etc. 1999.
300 ## - PHYSICAL DESCRIPTION
Extent 365 p. ;
Dimensions 23 cm.
942 ## - ADDED ENTRY ELEMENTS (KOHA)
Source of classification or shelving scheme
Koha item type Book
Holdings
Withdrawn status Lost status Source of classification or shelving scheme Damaged status Not for loan Permanent Location Current Location Shelving location Date acquired Source of acquisition Full call number Barcode Date last seen Price effective from Koha item type
          NUST Law School (NLS) NUST Law School (NLS) Law 12/06/2021 Academic Book Company 349.42 STY CL-789 12/06/2021 12/06/2021 Book
© 2023 Central Library, National University of Sciences and Technology. All Rights Reserved.